[Event "GER S2G2 enginefrei email"]
[White "Timmermann, Egon"]
[Black "Eschert, Uwe"]
[Site "GER email"]
[Round "?"]
[Result "1/2-1/2"]
[Date "2012.01.27"]
[WhiteElo "1478"]
[BlackElo "2044"]
[PlyCount "48"]
[EventDate "2012.02.07"]
[EventType "tourn (corr)"]
[EventRounds "6"]
[EventCountry "GER"]
[SourceTitle "Corr 2015"]
[Source "ChessBase"]
[SourceDate "2015.07.17"]
[SourceVersion "1"]
[SourceVersionDate "2015.07.17"]
[SourceQuality "1"]

1. d4 Nf6 2. c4 g6 3. Nc3 Bg7 4. Nf3 0-0 5. g3 d6 6. Bg2 Nbd7 7. 0-0 e5 8. Qc2 exd4 9. Nxd4 Re8 10. e3 Nb6 11. b3 c5 12. Nf3 Bf5 13. Qb2 Ne4 14. Bd2 Bg4 15. Rac1 d5 16. Qc2 Bf5 17. Qd1 dxc4 18. bxc4 Nxc4 19. Nxe4 Rxe4 20. Qe2 b5 21. Be1 Rb8 22. Bc3 b4 23. Bxg7 Kxg7 24. Nh4 Rxh4 1/2-1/2

[Event "GER-ch66 V07 email"]
[White "Timmermann, Egon"]
[Black "Bars, Joachim"]
[Site "GER email"]
[Round "?"]
[Result "0-1"]
[Date "2011.10.24"]
[WhiteElo "1486"]
[BlackElo "2162"]
[PlyCount "44"]
[EventDate "2011.10.31"]
[EventType "tourn (corr)"]
[EventRounds "6"]
[EventCountry "GER"]
[SourceTitle "Corr 2015"]
[Source "ChessBase"]
[SourceDate "2015.07.17"]
[SourceVersion "1"]
[SourceVersionDate "2015.07.17"]
[SourceQuality "1"]
[WhiteTeam "Germany"]
[BlackTeam "Germany"]
[WhiteTeamCountry "GER"]
[BlackTeamCountry "GER"]

1. d4 Nf6 2. c4 e6 3. Nf3 b6 4. e3 Bb7 5. Bd3 d5 6. 0-0 Bd6 7. b3 0-0 8. Nc3 Nbd7 9. Bb2 a6 10. Rc1 Qe7 11. cxd5 exd5 12. Qc2 Ne4 13. h3 f5 14. Be2 Rae8 15. Nd1 c5 16. Nc3 f4 17. exf4 Bxf4 18. Rce1 Bb8 19. Bd3 Rxf3 20. Bxe4 dxe4 21. Bc1 Qd6 22. g3 e3 0-1

[Event "GER-ch66 V07 email"]
[White "Timmermann, Egon"]
[Black "Wolf, Wolfgang"]
[Site "GER email"]
[Round "?"]
[Result "0-1"]
[Date "2011.10.24"]
[WhiteElo "1486"]
[BlackElo "2143"]
[PlyCount "74"]
[EventDate "2011.10.31"]
[EventType "tourn (corr)"]
[EventRounds "6"]
[EventCountry "GER"]
[SourceTitle "Corr 2015"]
[Source "ChessBase"]
[SourceDate "2015.07.17"]
[SourceVersion "1"]
[SourceVersionDate "2015.07.17"]
[SourceQuality "1"]
[WhiteTeam "Germany"]
[BlackTeam "Germany"]
[WhiteTeamCountry "GER"]
[BlackTeamCountry "GER"]

1. d4 Nf6 2. c4 g6 3. Nf3 Bg7 4. Nc3 0-0 5. e3 d6 6. Be2 Nbd7 7. 0-0 e5 8. dxe5 dxe5 9. Qc2 c6 10. e4 Qe7 11. b3 Nh5 12. a4 Nf4 13. Ba3 Nc5 14. h3 a5 15. Rfd1 Re8 16. Rab1 b6 17. Qd2 Nxe4 18. Bxe7 Nxd2 19. Rxd2 Rxe7 20. Rd8+ Bf8 21. Ng5 h6 22. Nge4 Ne6 23. Rd6 f5 24. Ng3 Rc7 25. Rdd1 Bb4 26. Na2 Bc5 27. Bf1 e4 28. Ne2 Raa7 29. g3 Rd7 30. Nec3 Kg7 31. Bg2 Kf6 32. h4 Rxd1+ 33. Rxd1 Nd4 34. Rb1 Be6 35. Nc1 Rd7 36. Kf1 Bb4 37. N3e2 Nf3 0-1

[Event "GER OS-172 email"]
[White "Hamer, Frank"]
[Black "Timmermann, Egon"]
[Site "GER email"]
[Round "?"]
[Result "1-0"]
[Date "2011.08.27"]
[WhiteElo "1661"]
[BlackElo "1504"]
[PlyCount "59"]
[EventDate "2011.08.31"]
[EventType "tourn (corr)"]
[EventRounds "6"]
[EventCountry "GER"]
[SourceTitle "Corr 2015"]
[Source "ChessBase"]
[SourceDate "2015.07.17"]
[SourceVersion "1"]
[SourceVersionDate "2015.07.17"]
[SourceQuality "1"]
[WhiteTeam "Germany"]
[BlackTeam "Germany"]
[WhiteTeamCountry "GER"]
[BlackTeamCountry "GER"]

1. d4 d5 2. c4 e6 3. Nc3 Nf6 4. Nf3 Be7 5. cxd5 exd5 6. Bg5 Nbd7 7. e3 0-0 8. Bd3 h6 9. Bh4 Re8 10. 0-0 c6 11. Qc2 Ne4 12. Bxe4 Bxh4 13. Bd3 Be7 14. Rae1 Nf6 15. Ne5 Bd6 16. f4 Be6 17. Rc1 a6 18. Na4 Ne4 19. f5 Bc8 20. Bxe4 Bxe5 21. dxe5 dxe4 22. Rcd1 Qe7 23. Nb6 Rb8 24. Nc4 Qc5 25. e6 fxe6 26. f6 Rf8 27. Qxe4 Qg5 28. h4 Qg3 29. f7+ Rxf7 30. Rd8+ 1-0